| 000 | 01378cam a2200301 a 4500 | ||
|---|---|---|---|
| 001 | 15505211 | ||
| 005 | 20091120092522.0 | ||
| 008 | 081030s2009 enk |rb 001 0 eng | ||
| 010 | _a2008045035 | ||
| 020 | _a9780195327847 (acidfree paper) | ||
| 040 |
_aDLC _cDLC |
||
| 043 | _aa-ir--- | ||
| 050 | 0 | 0 |
_aDS318.83 _b.T36 2009 |
| 082 | 0 | 0 |
_a327.55 _222 _bTAK |
| 100 | 1 |
_aTakeyh, Ray, _d1966- _911016 |
|
| 245 | 1 | 0 |
_aGuardians of the Revolution : _bIran and the World in the Age of the Ayatollahs / _cRay Takeyh. |
| 260 |
_aOxford : _bOxford University Press, 2009 _c2009. |
||
| 300 |
_aviii, 310 p. ; _c24 cm. |
||
| 500 | _a"A Council on Foreign Relations book." | ||
| 504 | _aIncludes bibliographical references (p. [267]-295) and index. | ||
| 651 | 0 |
_aIran _xForeign relations _y1979-1997. _911017 |
|
| 651 | 0 |
_aIran _xForeign relations _y1997- _911018 |
|
| 651 | 0 |
_aIran _xPolitics and government _y1979-1997. _911019 |
|
| 651 | 0 |
_aIran _xPolitics and government _y1997- _911020 |
|
| 942 |
_2ddc _cBB |
||
| 999 |
_c13297 _d13297 |
||